LEADER 05348nam 22006734a 450 001 9910146242903321 005 20170809173110.0 010 $a1-280-52038-8 010 $a9786610520381 010 $a3-527-60529-0 010 $a3-527-60145-7 035 $a(CKB)1000000000019317 035 $a(EBL)481642 035 $a(OCoLC)174056223 035 $a(SSID)ssj0000104500 035 $a(PQKBManifestationID)11138246 035 $a(PQKBTitleCode)TC0000104500 035 $a(PQKBWorkID)10079755 035 $a(PQKB)11381024 035 $a(MiAaPQ)EBC481642 035 $a(EXLCZ)991000000000019317 100 $a20030331d2003 uy 0 101 0 $aeng 135 $aur|n|---||||| 181 $ctxt 182 $cc 183 $acr 200 00$aApoptosis and autoimmunity$b[electronic resource] /$fedited by M. Hermann and J.R. Kalden 210 $aWeinheim $cWiley-VCH$dc2003 215 $a1 online resource (405 p.) 300 $a"From mechanism to treatments"--Cover. 311 $a3-527-30442-8 320 $aIncludes bibliographical references and index. 327 $aApoptosis and Autoimmunity; Preface; Contents; List of Contributors; Part 1 General Features of Apoptosis; 1 Apoptosis and Autoimmunity; 1.1 Introduction; 1.2 Autoimmune Diseases Associated with Targeted Cell Destruction; 1.2.1 What is the Mode of Cell Death?; 1.2.2 What Cells and What Effector Pathways are Responsible for Cell Death?; 1.3 Autoimmune Diseases Associated with Enhanced Cell Growth and Survival; 1.4 Autoimmune Diseases Associated with Abnormal Processing of Dying Cells; 1.5 Conclusions; 1.6 References; 2 Caspase Knockouts: Matters of Life and Death 327 $a2.1 Death, Development and Immune Function2.2 Apoptotic Pathways: from Nematode to Mammals; 2.3 Triggering a Killer: General Aspects of Caspase Activation; 2.4 Caspase-1 and -11: More than Mediators of Inflammatory Cytokines?; 2.5 Caspase-8 and the FAS Signaling Pathway; 2.6 Caspase-3: The Chief Executioner?; 2.7 Caspase-9: Mitochondrial Activation and the Apoptosome; 2.8 Caspase-2: A Duality of Function; 2.9 Caspase-12: Responding to Stress; 2.10 Compensatory Caspase Activation: A Caveat to Knockout Analysis; 2.11 Caspases: More than Simple Killers; 2.12 Concluding Remarks; 2.13 References 327 $aPart 2 Clearance of Apoptotic Cells3 Anti-inflammatory and Immunoregulatory Effects of Apoptotic Cells; 3.1 Introduction; 3.2 Anti-inflammatory Effects of Apoptotic Cells on Monocytes/Macrophages; 3.3 The Role of Anti-inflammatory Cytokines for the Inhibition of Pro-inflammatory Cytokine Production; 3.4 Monocyte/Macrophage Receptors receiving the Anti-inflammatory Signal from Apoptotic Cells; 3.5 Intracellular Signaling Events Causing the Anti-inflammatory State in Macrophages; 3.6 Apoptotic Cells Impair MHC Class II Surface Expression on Monocytes 327 $a3.7 Influence of Apoptotic Cells on DC Function in Allogeneic MLR3.8 The Presence of Apoptotic Cells can Shift the T(h) Cell Response towards T(h)2; 3.9 Apoptotic Cells Suppress Delayed-type Hypersensitivity (DTH) In Vivo; 3.10 Necrosis and Inflammation; 3.11 Implications of the Anti-inflammatory and Immunodulatory Effects of Apoptotic Cells for Health and Disease; 3.11.1 Apoptosis and Pregnancy; 3.11.2 Apoptosis and Irradiation; 3.11.3 Apoptosis and Cancer; 3.11.4 Apoptosis and Infections; 3.11.5 Apoptosis and Blood Transfusions; 3.12 References; 4 Complement and Apoptosis; 4.1 Introduction 327 $a4.2 Programmed Cell Death (PCD)4.3 Complement; 4.4 Complement and Apoptosis; 4.4.1 Role of Complement in the Execution Phase; 4.4.2 Complement Activation by Apoptotic Cells; 4.5 Apoptosis, Complement and Autoimmunity; 4.6 References; 5 Soluble Factors that Bind to Dying Cells Control the Outcome of Corpse Disposal: The Role of Pentraxins, Collectins and Autoantibodies; 5.1 Introduction; 5.2 Soluble Factors Involved in Apoptotic Cell Recognition and Internalization; 5.2.1 Corpse Clearance at Rest: Collectins; 5.2.2 Corpse Clearance at Rest: Cationic Factors and Other PS-binding Moieties 327 $a5.2.3 Corpse Clearance during Acute Inflammation: Pentraxins 330 $aThis is the first comprehensive book about the relationship between apoptosis and autoimmune diseases. It offers a unique up-to-date overview on research results on the defective execution of apoptosis and the incomplete clearance of apoptotic cells. The molecular and cellular mechanisms involved are described in detail. As a possible consequence of apoptotic dysfunction, the development of severe autoimmune diseases (e.g., rheumatoid arthritis, systemic lupus erythematosus) is discussed. An outlook on future research topics includes the evaluation of novel therapeutic strategies. 606 $aApoptosis 606 $aAutoimmunity 606 $aAutoimmune diseases 608 $aElectronic books. 615 0$aApoptosis. 615 0$aAutoimmunity. 615 0$aAutoimmune diseases. 676 $a571.9/73 676 $a616.97/8 676 $a616.978 701 $aHerrmann$b M$g(Martin),$cDr.$0958325 701 $aKalden$b J. R$g(Joachim Robert)$0958326 801 0$bMiAaPQ 801 1$bMiAaPQ 801 2$bMiAaPQ 906 $aBOOK 912 $a9910146242903321 996 $aApoptosis and autoimmunity$92171242 997 $aUNINA LEADER 01862nam 2200457Ia 450 001 996386300003316 005 20200824132139.0 035 $a(CKB)4940000000080669 035 $a(EEBO)2240954009 035 $a(OCoLC)ocm13459422e 035 $a(OCoLC)13459422 035 $a(EXLCZ)994940000000080669 100 $a19860421d1668 uy | 101 0 $aeng 135 $aurbn||||a|bb| 200 14$aThe whole duty of man$b[electronic resource] $elaid down in a plain and familiar way for the use of all, but especially the meanest reader : divided into XVII chapters, one whereof being read every Lords Day the whole may be read thrice over in the year : necessary for all families : with Private devotions for several occasions 210 $aLondon $cPrinted for Tim. Garthwait ...$d1668 215 $a[28], 474, [6] p 300 $aWritten by Richard Allestree. Cf. DNB. 300 $aAlso variously ascribed to Lady Dorothy Pakington, Richard Sterne, John Fell, Humphrey Henchman, and others. Cf. DNB. 300 $aAdded t.p. engraved. 300 $a"Private devotions for several occasions" (p. [373]-474) has special t.p. 300 $aReproduction of original in Bodleian Library. 330 $aeebo-0014 606 $aChristian life$vEarly works to 1800 606 $aDevotional exercises 615 0$aChristian life 615 0$aDevotional exercises. 700 $aAllestree$b Richard$f1619-1681.$0793142 701 $aPakington$b Dorothy Coventry$cLady,$fd. 1679.$01001112 701 $aSterne$b Richard$f1596?-1683.$01001111 701 $aFell$b John$f1625-1686.$01001113 701 $aHenchman$b Humphrey$f1592-1675.$0793659 801 0$bEAA 801 1$bEAA 801 2$bm/c 801 2$bWaOLN 906 $aBOOK 912 $a996386300003316 996 $aThe whole duty of man$92343430 997 $aUNISA